| 000 | 00530pam a2200169 a 4500 | ||
|---|---|---|---|
| 020 | _a089594717X (cloth) | ||
| 020 |
_a0895947161 (pbk.) : _c$16.95 |
||
| 050 | 0 | 0 |
_aRD 97 _b.G77 1994 |
| 100 | 1 | _aGrisogono, Vivian. | |
| 245 | 1 | 0 |
_aSports injuries : _ba self-help guide / _cVivian Grisogono. |
| 260 |
_aFreedom, CA : _bCrossing Press, _c1994. |
||
| 300 | _a294 p. : | ||
| 500 | _a"First published in England by John Murray Ltd. in 1984"--T.p. verso. | ||
| 500 | _aIncludes index. | ||
| 650 | 0 | _xExercise therapy. | |
| 942 |
_2lcc _cGEN |
||
| 999 |
_c7671 _d7671 |
||